000 01840nam a2200325 a 4500
001 000033376
003 OSt
005 20241101131112.0
008 090819s2009 dr ac 000 0 spa dr
020 _a999347682X (v.1)
040 _aDO-SdBPM
_bspa
_cBPMSU
082 4 _a330.97293
_bC343h 2009
_222
100 1 _aCassá, Roberto,
_d1948-
245 1 0 _aHistoria social y económica de la República Dominicana /
_cRoberto Cassá ; ilustraciones Ramiro Manzano ; fotografias Emilio Cordero Michael y Roberto Cassa.
250 _aed. aumentada y corregida
260 _aSanto Domingo :
_bAlfa & Omega,
_c2009
300 _av. :
_bil., retrs. ;
_c27 cm.
500 _a
500 _a
504 _aBibliografía : p. 345-352
505 0 _a El territorio dominicano y su poblamiento -- Antecedentes europeos -- España medieval -- África occidental en los albores de la época moderna -- Los pobladores aborígenes -- Colón y la conquista española -- La encomienda -- Decadencia de la encomienda y tránsito de la agropecuaria -- La industria azucarera -- Economía y sociedad en el siglo XVI -- La depresión prolongada del siglo XVII -- Recuperación del siglo XVIII -- El hato ganadero y los fundamentos del campesinado -- Cambios en las condiciones internacionales -- Crisis del orden colonial -- El precario retorno de la soberanía española -- La ocupación haitiana.
590 _aInventariado 2024 /VM
651 4 _aRepública Dominicana
_xCondiciones Económicas
_xHistoria
651 4 _aRepública Dominicana
_xCondiciones Sociales
_xHistoria
651 4 _aRepública Dominicana
_xPoblación
_xHistoria
700 1 _aManzano, Ramiro,
_eilustración
700 1 _aCordero Michael, Emilio,
_efotografía
910 _aVMateo V. Control de calidad. BPMSU
942 _2ddc
_cBK
999 _c14843
_d14843